Bands by their bass players - Statistics

General Stats
  • This quiz has been taken 40 times
  • The average score is 12 of 36
Answer Stats
Hint Answer % Correct
Paul McCartney Beatles
86%
Sting The Police
84%
Roger Waters Pink Floyd
76%
John Paul Jones Led Zeppelin
73%
Cliff Burton Metallica
70%
Lemmy Motorhead
68%
John Deacon Queen
68%
Geezer Butler Black Sabbath
65%
Dee Dee Ramone Ramones
62%
Geddy Lee Rush
62%
John Entwistle The Who
59%
Les Claypool Primus
54%
Bill Wyman The Rolling Stones
54%
Tina Weymouth Talking Heads
35%
Adam Clayton U2
35%
Mike Dirnt Green Day
32%
Jack Bruce Cream
27%
Greg Lake Emerson, Lake and Palmer
24%
Colin Greenwood Radiohead
24%
Tim Commerford Rage Against the Machine
22%
Tony Levin King Crimson
19%
John Wetton King Crimson
19%
Boz Burrell King Crimson
19%
Noel Redding Jimi Hendrix Experience
14%
David Ellefson Megadeth
14%
Michael Peter Balzary Red Hot Chili Peppers
11%
Chris Wolstenholme Muse
8%
Trevor Horn The Buggles
8%
John Myung Dream Theater
5%
Jaco Pastorius Jaco Pastorius
5%
Pete Quaife The Kinks
5%
Gaye Advert The Adverts
3%
Alex Webster Cannibal Corpse
0%
Mikey Shoes Queens of the Stone Age
0%
Babydaddy Scissor Sisters
0%
Chris Fehn Will Haven
0%
No matching quizzes found
Score Distribution
Percent of People with Each Score
Percentile by Number Answered
Your Score History
You have not taken this quiz